000 01040 a2200373 4500
260 _aRome
260 _aGénève
260 _bFAO
260 _bOMS
245 _aCodex alimentarius : aliments issus de l'agriculture biologique
300 _aVI-67 p.
650 _aALIMENT TRANSFORME
650 _aAGRICULTURE BIOLOGIQUE
650 _aSECURITE ALIMENTAIRE ELEVAGE
650 _aPORCIN
650 _aALIMENT SANTE
650 _aVOLAILLE
650 _aALIMENT BIOLOGIQUE
650 _aALIMENT D'ORIGINE ANIMALE
260 _c2006
300 _b21 cm
130 _lFr
710 _aORGANISATION DES NATIONS UNIES POUR L'ALIMENTATION ET L'AGRICULTURE. FAO
710 _aORGANISATION MONDIALE DE LA SANTE. OMS
440 _aProgramme mixte FAO/OMS sur les normes alimentaires
250 _a2ème éd.
440 _x1020-2560
020 _a92-5-205475-8
999 _c32517
_d32517